000 00464nam a2200181Ia 4500
001 7875
005 20260306160527.0
008 260306t1969||||xx |||||||||||||| ||spa||
041 _aESP
082 _a363.5
_bC265
100 _aConfederación Española de Cajas de Ahorros
_eAUT
245 0 _aDemanda y acceso a la propiedad de viviendas
260 _c1969
300 _a833 páginas :
_c25 cm.
650 _aGEN
654 _aCAN
942 _cLIB
_dJUS
_fJUS
_2ddc
_n
999 _c7875
_d7875